| 000 | 00410cam a2200169ua 4500 | ||
|---|---|---|---|
| 020 | _cRs.8/- | ||
| 041 |
_aeng _h |
||
| 082 |
_a330.1 _bKEW/RE |
||
| 100 | _akewal rishnan dewett , J.D. Varma . | ||
| 245 | _aRefresher course in economic theory | ||
| 260 |
_aDelhi : _bpremier pub co , _c1965. |
||
| 300 | _a651 ; . | ||
| 365 | _aRs.8/- | ||
| 504 | _a | ||
| 999 |
_c11181 _d11181 |
||